Music Quiz

Random Music or Song Quiz

Katy Perry music videos (Picture Click) Quiz Stats

Quiz not verified by Sporcle

Challenge
Share
Tweet
Score 0/16 Timer 04:00
0 Plays Today
% Correct
Roar
94.9%
California Gurls (ft. Snoop Dogg)
93.4%
Firework
93%
Dark Horse (ft. Juicy J)
91.8%
Last Friday Night (T.G.I.F.)
91.2%
I Kissed A Girl
88.3%
Hot N Cold
88.2%
E.T. (ft. Kanye West)
87%
% Correct
This Is How We Do
82.2%
Teenage Dream
81.8%
Birthday
81%
Wide Awake
77.7%
Part of Me
77.1%
Thinking of You
74.3%
The One That Got Away
71.7%
Unconditionally
70.9%

You're not logged in!

Compare scores with friends on all Sporcle quizzes.
Join for Free
OR
Log In

You Might Also Like...

Show Comments

Extras

Top Quizzes Today


Score Distribution

Your Account Isn't Verified!

In order to create a playlist on Sporcle, you need to verify the email address you used during registration. Go to your Sporcle Settings to finish the process.

Report this User

Report this user for behavior that violates our Community Guidelines.

Details: